书目信息 |
| 题名: |
公共的男人,私人的女人
|
|
| 作者: | 爱尔斯坦 著 ;葛耘娜 , 陈雪飞 译 | |
| 分册: | ||
| 出版信息: | 北京 生活·读书·新知三联书店 2019 |
|
| 页数: | 11,431页 | |
| 开本: | 21cm | |
| 丛书名: | ||
| 单 册: | ||
| 中图分类: | C913.68 | |
| 科图分类: | ||
| 主题词: | 妇女学--研究 | |
| 电子资源: | ||
| ISBN: | 978-7-108-06421-9 | |
| 000 | 01423nam0 2200289 450 | |
| 001 | 2336606653 | |
| 005 | 20231119110928.58 | |
| 010 | @a978-7-108-06421-9@dCNY49.00 | |
| 100 | @a20190921d2019 em y0chiy50 ea | |
| 101 | 1 | @achi@ceng |
| 102 | @aCN@b110000 | |
| 105 | @ay z 001yy | |
| 200 | 1 | @a公共的男人,私人的女人@9gong gong de nan ren,si ren de nv ren@e社会和政治思想中的女性@f(美)让·爱尔斯坦著@g葛耘娜, 陈雪飞译 |
| 210 | @a北京@c生活·读书·新知三联书店@d2019 | |
| 215 | @a11,431页@d21cm | |
| 300 | @a西学源流 第三辑 | |
| 312 | @a封面英文题名:Public man, private woman | |
| 330 | @a本书共两部分,上半部分疏了西方传统思想与女性思想之间的关联,如柏拉图、亚里士多德、奥古斯丁、圣·托马斯、马基雅维利、卢梭、黑格尔、马克思等学者在“公共的男人,私人的女人”此问题上的看法——恰恰是这些思想资源,构成了20世纪以来激进主义、自由主义、马克思主义和精神分析等女性主义流派的存在前提。下半部在呈现社会与政治思想中女性历史的同时,作者针对七八十年代美国社会的政治冷漠与女性主义的极端激进,进行了深切而痛彻的反思。 | |
| 510 | 1 | @aPublic man, private woman@zeng |
| 517 | 1 | @a社会和政治思想中的女性@9she hui he zheng zhi si xiang zhong de nv xing |
| 606 | 0 | @a妇女学@x研究 |
| 690 | @aC913.68@v5 | |
| 701 | 1 | @c(美)@a爱尔斯坦@9ai er si tan@g(Elshtain, Hean Bethke)@f(1941-2013)@4著 |
| 702 | 0 | @a葛耘娜@9ge yun na@4译 |
| 702 | 0 | @a陈雪飞@9chen xue fei@4译 |
| 801 | 0 | @aCN@b山东中教@c20190921 |
| 905 | @aBZT@dC913.68@e16 | |
| 公共的男人,私人的女人:社会和政治思想中的女性/(美)让·爱尔斯坦著/葛耘娜, 陈雪飞译.-北京:生活·读书·新知三联书店,2019 |
| 11,431页;21cm |
| 西学源流 第三辑 |
| ISBN 978-7-108-06421-9:CNY49.00 |
| 本书共两部分,上半部分疏了西方传统思想与女性思想之间的关联,如柏拉图、亚里士多德、奥古斯丁、圣·托马斯、马基雅维利、卢梭、黑格尔、马克思等学者在“公共的男人,私人的女人”此问题上的看法——恰恰是这些思想资源,构成了20世纪以来激进主义、自由主义、马克思主义和精神分析等女性主义流派的存在前提。下半部在呈现社会与政治思想中女性历史的同时,作者针对七八十年代美国社会的政治冷漠与女性主义的极端激进,进行了深切而痛彻的反思。 |
| ● |
| 相关链接 |
|
|
|
正题名:公共的男人,私人的女人
索取号:C913.68/16
 
预约/预借
| 序号 | 登录号 | 条形码 | 馆藏地/架位号 | 状态 | 备注 |
| 1 | 2000982183 | 2000982183 | 中教第一批/山东中教(第一批)/423/ [索取号:C913.68/16] | 在馆 | |
| 2 | 2000982184 | 2000982184 | 中教第一批/山东中教(第一批)/423/ [索取号:C913.68/16] | 在馆 | |
| 3 | 2000982185 | 2000982185 | 中教第一批/山东中教(第一批)/423/ [索取号:C913.68/16] | 在馆 | |
| 4 | 2000982186 | 2000982186 | 中教第一批/山东中教(第一批)/423/ [索取号:C913.68/16] | 在馆 | |
| 5 | 2000982187 | 2000982187 | 中教第一批/山东中教(第一批)/423/ [索取号:C913.68/16] | 在馆 | |
| 6 | 2000982188 | 2000982188 | 中教第一批/山东中教(第一批)/423/ [索取号:C913.68/16] | 在馆 |